Statystyki dla Rozpoznaj piłkarza po karierze#1

Kliknij tutaj aby rozwiązać quiz!

Ogólne statystyki

  • Ten quiz został rozwiązany 726 razy
  • Średni wynik to 6 z 11

Statystyki odpowiedzi

HintOdpowiedź% Poprawnych
Legia-->Znicz-->Lech Poznań-->BVB-->BayernRobert Lewandowski
100%
Shalke 04-->BayernManuel Neuer
75%
Hutnik Kraków-->Gornik Zabrze-->Jagiellonia-->Legia-->Ankaragücü-->JagielloniaMichał Pazdan
70%
Figueirense FC-->Tombense-->Hoffenheim-->LiverpoolRoberto Firmino
65%
Fc Barcelona-->Man.Utd-->Real Zaragoza(Wypożycznie)-->Fc BarcelonaGerard Pique
64%
Instituto AC-->Palermo-->JuventusPaulo Dybala
62%
Ajax-->Tottenham Hotspur-->Inter-->BrentfortChristian Eriksen
57%
OGC Nice-->Lyon-->TottenhamHugo Lloris
52%
FC Zürich-->Wolfsburg-->AC Milan-->PSV(wypożyczenie)-->TorinoRicardo Rodriguez
37%
RB Leipzig-->VfB Stuttgart-->BayernJoshua Kimmich
30%
Sporting Gijón-->1.FC Köln-->CF AméricaJorge Mere
10%

Rozkład punktacji

Percentyl według liczby udzielonych odpowiedzi

Procent ludzi z każdym wynikiem

Twoja historia wyników

Nie rozwiązałeś tego quizu